[Event "IECC Y2KO email"]
[Site "IECC email"]
[Date "2002.08.05"]
[Round "?"]
[White "Lagas, Peter"]
[Black "Makarczuk, Jacek"]
[Result "0-1"]
[WhiteElo "1747"]
[BlackElo "2091"]
[PlyCount "118"]
[EventDate "2002.??.??"]
[EventType "tourn (corr)"]
[EventRounds "6"]
[SourceTitle "Corr 2008"]
[Source "ChessBase"]
[SourceDate "2008.06.24"]
[SourceVersion "1"]
[SourceVersionDate "2008.06.24"]
[SourceQuality "1"]

1. d4 Nf6 2. c4 g6 3. Nc3 Bg7 4. Nf3 0-0 5. e4 d6 6. Be2 e5 7. 0-0 Nc6 8. d5 Ne7 9. Ne1 Nd7 10. Nd3 f5 11. Bd2 Nf6 12. f3 f4 13. c5 g5 14. cxd6 cxd6 15. Nf2 Ng6 16. a4 Rf7 17. Nb5 h5 18. h3 Bf8 19. Qc2 a6 20. Na3 Rg7 21. Nc4 Nh4 22. Ba5 Qe8 23. Ra3 g4 24. fxg4 hxg4 25. Nxg4 Nxg4 26. Bxg4 Bxg4 27. hxg4 Rxg4 28. Rf2 Qg6 29. Bb6 Bh6 30. Rh3 f3 31. Rxh4 Rxh4 32. Rxf3 Bf4 33. Ne3 Qh5 34. Kf1 Rf8 35. Nf5 Rh2 36. Qc7 Qg4 37. Bf2 Rxg2 38. Ke2 Rxf5 39. exf5 Bh6 40. Qc8+ Kh7 41. Qc7+ Bg7 42. f6 e4 43. Qxg7+ Qxg7 44. fxg7 exf3+ 45. Kxf3 Rxg7 46. Be3 Kg6 47. Bf4 Rd7 48. Ke4 Kf6 49. a5 Ke7 50. Bg5+ Kf7 51. Bf4 Ke8 52. Kd4 Rd8 53. b3 Kd7 54. Be3 Rg8 55. Ke4 Rg4+ 56. Bf4 Rh4 57. b4 Ke7 58. Ke3 Rxf4 59. Kxf4 Kf6 0-1

[Event "IECC Y2KO email"]
[Site "IECC email"]
[Date "2001.09.24"]
[Round "?"]
[White "Dambacher, Andreas"]
[Black "Makarczuk, Jacek"]
[Result "1/2-1/2"]
[WhiteElo "1829"]
[BlackElo "2057"]
[PlyCount "57"]
[EventDate "2001.??.??"]
[EventType "tourn (corr)"]
[EventRounds "6"]
[SourceTitle "Corr 2008"]
[Source "ChessBase"]
[SourceDate "2008.06.24"]
[SourceVersion "1"]
[SourceVersionDate "2008.06.24"]
[SourceQuality "1"]

1. e4 c5 2. Nf3 d6 3. d4 cxd4 4. Nxd4 Nf6 5. Nc3 g6 6. Be3 Bg7 7. f3 0-0 8. Qd2 Nc6 9. g4 Nxd4 10. Bxd4 Be6 11. 0-0-0 Qa5 12. a3 Rab8 13. h4 b5 14. Nd5 Qxd2+ 15. Rxd2 Bxd5 16. exd5 a5 17. g5 Nh5 18. Bxg7 Kxg7 19. Bh3 Nf4 20. Bd7 Rfd8 21. Bc6 e5 22. dxe6 fxe6 23. a4 bxa4 24. Bxa4 d5 25. Re1 Rdc8 26. c3 Rc4 27. Bc2 Kf7 28. Bb1 Ke7 29. Ba2 1/2-1/2

[Event "IECC KO email"]
[Site "IECC email"]
[Date "2001.06.30"]
[Round "?"]
[White "Jobe, Tom B"]
[Black "Makarczuk, Jacek"]
[Result "1/2-1/2"]
[WhiteElo "1825"]
[BlackElo "2058"]
[PlyCount "73"]
[EventDate "2001.??.??"]
[EventType "tourn (corr)"]
[EventRounds "6"]
[SourceTitle "Corr 2008"]
[Source "ChessBase"]
[SourceDate "2008.06.24"]
[SourceVersion "1"]
[SourceVersionDate "2008.06.24"]
[SourceQuality "1"]

1. e4 c5 2. f4 b6 3. c4 Bb7 4. Nc3 Nc6 5. Nf3 Nd4 6. d3 g6 7. Be3 Nxf3+ 8. Qxf3 Bg7 9. f5 gxf5 10. Qxf5 e6 11. Qg4 Be5 12. Bg5 Qb8 13. g3 Ne7 14. Bf4 Bxf4 15. gxf4 Rg8 16. Qf3 Nc6 17. 0-0-0 Nd4 18. Qf2 Rg4 19. f5 Qf4+ 20. Qxf4 Rxf4 21. fxe6 dxe6 22. Ne2 Rxf1 23. Rdxf1 Nxe2+ 24. Kd2 Nd4 25. Rhg1 Kf8 26. Ke3 Rd8 27. a3 f5 28. Rg5 Rd7 29. Rfg1 Rf7 30. Rg8+ Ke7 31. R1g7 f4+ 32. Kf2 Nc6 33. Rxf7+ Kxf7 34. Rh8 Kg7 35. Re8 e5 36. Kf3 Kf7 37. Rh8 1/2-1/2

[Event "IECC KO email"]
[Site "IECC email"]
[Date "2001.06.17"]
[Round "?"]
[White "Croad, Nicolas"]
[Black "Makarczuk, Jacek"]
[Result "1-0"]
[WhiteElo "1850"]
[BlackElo "2157"]
[PlyCount "69"]
[EventDate "2001.??.??"]
[EventType "tourn (corr)"]
[EventRounds "6"]
[SourceTitle "Corr 2008"]
[Source "ChessBase"]
[SourceDate "2008.06.24"]
[SourceVersion "1"]
[SourceVersionDate "2008.06.24"]
[SourceQuality "1"]

1. e4 c5 2. Nf3 d6 3. d4 cxd4 4. Nxd4 Nf6 5. Nc3 g6 6. Be3 Bg7 7. f3 0-0 8. Qd2 Nc6 9. Bc4 Bd7 10. 0-0-0 Rc8 11. Bb3 Ne5 12. Kb1 Nc4 13. Bxc4 Rxc4 14. g4 Qc7 15. g5 Nh5 16. Nd5 Qd8 17. Ne2 Be6 18. Bxa7 b5 19. Bd4 Bxd5 20. exd5 Qd7 21. b3 Rc7 22. Qd3 b4 23. Qe4 Rb8 24. Ng3 Qh3 25. Nxh5 Qxh5 26. h4 Rbc8 27. Rh2 h6 28. gxh6 Bxh6 29. Rg1 Kh7 30. Rhg2 Rb7 31. Rg5 Bxg5 32. hxg5 Rbc7 33. f4 Rxc2 34. Qxe7 R2c7 35. Qf6 1-0

[Event "IECC P email"]
[Site "IECC email"]
[Date "2001.06.13"]
[Round "?"]
[White "Malmstroem, Jan"]
[Black "Makarczuk, Jacek"]
[Result "1-0"]
[WhiteElo "2022"]
[BlackElo "2118"]
[PlyCount "83"]
[EventDate "2001.??.??"]
[EventType "tourn (corr)"]
[EventRounds "6"]
[SourceTitle "Corr 2008"]
[Source "ChessBase"]
[SourceDate "2008.06.24"]
[SourceVersion "1"]
[SourceVersionDate "2008.06.24"]
[SourceQuality "1"]

1. d4 Nf6 2. c4 g6 3. Nc3 Bg7 4. e4 d6 5. Nf3 0-0 6. Be2 e5 7. 0-0 Nc6 8. d5 Ne7 9. b4 Nh5 10. Ne1 Nf4 11. Nd3 f5 12. f3 a5 13. b5 b6 14. Be3 g5 15. Kh1 Bd7 16. g3 Nxd3 17. Qxd3 Bf6 18. exf5 Bxf5 19. Ne4 h6 20. Rae1 Rf7 21. f4 gxf4 22. gxf4 Ng6 23. fxe5 Nxe5 24. Nxf6+ Qxf6 25. Qd4 Raf8 26. Rg1+ Kh7 27. Rg3 Rg7 28. Rxg7+ Kxg7 29. Rg1+ Kh7 30. Rg3 Rg8 31. Rxg8 Kxg8 32. Qf4 Qg6 33. Qg3 Qxg3 34. hxg3 Kh7 35. Bd4 Kg6 36. Kg2 Bb1 37. Bxe5 dxe5 38. a3 Ba2 39. Kf3 Kf6 40. Ke4 Bb1+ 41. Bd3 Ba2 42. d6 1-0

[Event "IECC CL1-2001.09"]
[Site "IECC email"]
[Date "2001.04.21"]
[Round "?"]
[White "Borst, John C"]
[Black "Makarczuk, Jacek"]
[Result "0-1"]
[WhiteElo "2075"]
[BlackElo "2151"]
[PlyCount "88"]
[EventDate "2001.??.??"]
[EventType "tourn (corr)"]
[EventRounds "4"]
[SourceTitle "Corr 2008"]
[Source "ChessBase"]
[SourceDate "2008.06.24"]
[SourceVersion "1"]
[SourceVersionDate "2008.06.24"]
[SourceQuality "1"]

1. e4 c5 2. c3 Nf6 3. e5 Nd5 4. d4 cxd4 5. cxd4 d6 6. Nf3 Nc6 7. a3 Bg4 8. h3 Bxf3 9. Qxf3 e6 10. Bb5 Qa5+ 11. Nc3 Rc8 12. Bd2 dxe5 13. dxe5 Bb4 14. Qg4 Bxc3 15. Bxc6+ Rxc6 16. bxc3 0-0 17. 0-0 Rfc8 18. c4 Qxd2 19. Rfd1 Ne3 20. Rxd2 Nxg4 21. Rad1 h6 22. Rd8+ Kh7 23. Rxc8 Rxc8 24. hxg4 Rxc4 25. Rd7 Kg6 26. Rxb7 a5 27. Ra7 Ra4 28. Kh2 Rxa3 29. f3 a4 30. Kg3 Ra1 31. f4 a3 32. Ra6 h5 33. Kh4 Rh1+ 34. Kg3 h4+ 35. Kf2 Ra1 36. Ra7 a2 37. Ra8 f5 38. exf6 gxf6 39. Ra6 Kh6 40. Ra3 e5 41. g5+ Kg6 42. gxf6 e4 43. f7 Kxf7 44. Ra6 e3+ 0-1

[Event "IECC Swiss email"]
[Site "IECC email"]
[Date "2001.04.21"]
[Round "?"]
[White "Ventimiglia, Charles"]
[Black "Makarczuk, Jacek"]
[Result "1/2-1/2"]
[WhiteElo "1998"]
[BlackElo "2147"]
[PlyCount "73"]
[EventDate "2001.??.??"]
[EventType "tourn (corr)"]
[EventRounds "6"]
[SourceTitle "Corr 2008"]
[Source "ChessBase"]
[SourceDate "2008.06.24"]
[SourceVersion "1"]
[SourceVersionDate "2008.06.24"]
[SourceQuality "1"]

1. e4 c5 2. Nf3 d6 3. d4 cxd4 4. Nxd4 Nf6 5. Nc3 g6 6. Bb5+ Bd7 7. 0-0 Bg7 8. Bxd7+ Qxd7 9. Bg5 Nc6 10. Nb3 0-0 11. f4 Rfd8 12. Qe2 h6 13. Bh4 Qg4 14. Qf2 Qh5 15. Bxf6 Bxf6 16. Qd2 b5 17. Rab1 e6 18. f5 Be5 19. h3 b4 20. Ne2 Rac8 21. fxe6 fxe6 22. c3 bxc3 23. bxc3 g5 24. Nbd4 Qg6 25. Qd3 Na5 26. Rb4 Rc5 27. Rb5 Qe8 28. a4 Rdc8 29. Nf3 Rxb5 30. axb5 Nc4 31. Nxe5 dxe5 32. Ng3 Qe7 33. Nh5 Nd6 34. Kh2 Ne8 35. c4 Rc7 36. Rd1 Kh7 37. Rc1 1/2-1/2

[Event "IECC CL2-2001.11"]
[Site "IECC email"]
[Date "2001.03.30"]
[Round "?"]
[White "Makarczuk, Jacek"]
[Black "Fricot, Frederic"]
[Result "1/2-1/2"]
[WhiteElo "2157"]
[BlackElo "1986"]
[PlyCount "111"]
[EventDate "2001.??.??"]
[EventType "tourn (corr)"]
[EventRounds "4"]
[SourceTitle "Corr 2008"]
[Source "ChessBase"]
[SourceDate "2008.06.24"]
[SourceVersion "1"]
[SourceVersionDate "2008.06.24"]
[SourceQuality "1"]

1. e4 c5 2. Nf3 Nc6 3. d4 cxd4 4. Nxd4 Nf6 5. Nc3 e5 6. Ndb5 d6 7. Bg5 a6 8. Na3 b5 9. Bxf6 gxf6 10. Nd5 f5 11. c3 Bg7 12. exf5 Bxf5 13. Nc2 Be6 14. a4 0-0 15. axb5 axb5 16. Rxa8 Qxa8 17. Nce3 Nd4 18. Ne7+ Kh8 19. cxd4 exd4 20. N3f5 Qa5+ 21. Qd2 Qa1+ 22. Ke2 Qb1 23. f3 Bxf5 24. Nxf5 Qxf5 25. Qd3 Re8+ 26. Kf2 Qc8 27. Be2 b4 28. Qc4 Qc5 29. Bd3 Qg5 30. Rd1 Qh4+ 31. Kg1 Be5 32. h3 Qf4 33. Kf1 Rg8 34. Qc2 b3 35. Qd2 Qh2 36. Qf2 d5 37. Qg1 Qf4 38. Qf2 Bf6 39. Be2 Rc8 40. g3 Qh6 41. h4 Rc2 42. Qe1 Rxb2 43. Rb1 Rxb1 44. Qxb1 Qe3 45. Qf5 Kg7 46. Qg4+ Kh6 47. Qf5 Qc1+ 48. Kg2 Kg7 49. Bd3 h6 50. Kh3 b2 51. Kg4 Qe3 52. Kh5 Kf8 53. Bb1 Bd8 54. Qxd5 Bc7 55. Qc5+ Kg7 56. Qf5 1/2-1/2

[Event "IECC CL2-2001.09"]
[Site "IECC email"]
[Date "2001.03.17"]
[Round "?"]
[White "Makarczuk, Jacek"]
[Black "Perz, Martial"]
[Result "1/2-1/2"]
[WhiteElo "2167"]
[BlackElo "2107"]
[PlyCount "80"]
[EventDate "2001.??.??"]
[EventType "tourn (corr)"]
[EventRounds "4"]
[SourceTitle "Corr 2008"]
[Source "ChessBase"]
[SourceDate "2008.06.24"]
[SourceVersion "1"]
[SourceVersionDate "2008.06.24"]
[SourceQuality "1"]

1. e4 e6 2. d4 d5 3. Nc3 Nf6 4. e5 Nfd7 5. Nce2 c5 6. f4 Be7 7. c3 Nc6 8. Nf3 0-0 9. g3 Qb6 10. Bh3 cxd4 11. cxd4 a5 12. 0-0 a4 13. Kh1 Qd8 14. Bd2 Nb6 15. Bc3 Nc4 16. Qd3 b5 17. b3 Nb6 18. f5 b4 19. Bd2 exf5 20. Bxf5 Bxf5 21. Qxf5 axb3 22. axb3 Ra3 23. Nf4 Rxb3 24. Qc2 Rxf3 25. Qxc6 Rxf1+ 26. Rxf1 Nc4 27. Bc1 Qa8 28. Qxa8 Rxa8 29. Nxd5 Kf8 30. e6 f6 31. Ne3 Nxe3 32. Bxe3 Bd6 33. d5 Ra5 34. Rd1 Ke7 35. Kg2 b3 36. Rb1 Rb5 37. Kf3 Be5 38. Bf4 Kd6 39. Bxe5+ fxe5 40. Ke3 h5 1/2-1/2

[Event "IECC CL2-2001.09"]
[Site "IECC email"]
[Date "2001.03.17"]
[Round "?"]
[White "Ventimiglia, Charles"]
[Black "Makarczuk, Jacek"]
[Result "0-1"]
[WhiteElo "2020"]
[BlackElo "2122"]
[PlyCount "44"]
[EventDate "2001.??.??"]
[EventType "tourn (corr)"]
[EventRounds "4"]
[SourceTitle "Corr 2008"]
[Source "ChessBase"]
[SourceDate "2008.06.24"]
[SourceVersion "1"]
[SourceVersionDate "2008.06.24"]
[SourceQuality "1"]

1. e4 c5 2. Nf3 d6 3. d4 cxd4 4. Nxd4 Nf6 5. Nc3 g6 6. Be3 Bg7 7. f3 0-0 8. Qd2 Nc6 9. Bc4 Bd7 10. 0-0-0 Rc8 11. Bd3 d5 12. exd5 Nb4 13. Kb1 Nfxd5 14. Nxd5 Nxd5 15. Ne2 Nxe3 16. Qxe3 Qa5 17. Qxe7 Be6 18. a3 Qd5 19. Nc1 Bxb2 20. Bxg6 Qa5 21. Bd3 Bg7 22. Qh4 h6 0-1

[Event "IECC CL2-2001.08"]
[Site "IECC email"]
[Date "2001.03.12"]
[Round "?"]
[White "Makarczuk, Jacek"]
[Black "Wedgeworth, Sam C"]
[Result "1-0"]
[WhiteElo "2162"]
[BlackElo "1802"]
[PlyCount "79"]
[EventDate "2001.??.??"]
[EventType "tourn (corr)"]
[EventRounds "4"]
[SourceTitle "Corr 2008"]
[Source "ChessBase"]
[SourceDate "2008.06.24"]
[SourceVersion "1"]
[SourceVersionDate "2008.06.24"]
[SourceQuality "1"]

1. e4 d5 2. exd5 Qxd5 3. Nc3 Qa5 4. d4 Nf6 5. Bc4 c6 6. Bd2 Bf5 7. Nf3 e6 8. Qe2 Bb4 9. 0-0-0 Nbd7 10. a3 Bxc3 11. Bxc3 Qc7 12. Ne5 Nxe5 13. dxe5 Nd5 14. Bd2 0-0-0 15. g4 Bg6 16. f4 h5 17. h3 Qb6 18. Rhf1 hxg4 19. hxg4 Qc5 20. Bb3 Rh3 21. Qf2 Qxf2 22. Rxf2 Be4 23. Rg1 Rdh8 24. f5 Kd7 25. Rff1 b5 26. Re1 Bf3 27. g5 exf5 28. g6 fxg6 29. Rxg6 R8h7 30. Rd6+ Kc7 31. Bxd5 Bxd5 32. Ba5+ Kb7 33. e6 Rh8 34. e7 Bf7 35. Rd7+ Ka6 36. Bc3 Be8 37. Rd8 Rg3 38. Rb8 Rg2 39. a4 b4 40. Bxb4 1-0

[Event "IECC CL2-2001.08"]
[Site "IECC email"]
[Date "2001.03.12"]
[Round "?"]
[White "Sakai, Kiyotaka"]
[Black "Makarczuk, Jacek"]
[Result "1-0"]
[WhiteElo "2028"]
[BlackElo "2135"]
[PlyCount "63"]
[EventDate "2001.??.??"]
[EventType "tourn (corr)"]
[EventRounds "4"]
[SourceTitle "Corr 2008"]
[Source "ChessBase"]
[SourceDate "2008.06.24"]
[SourceVersion "1"]
[SourceVersionDate "2008.06.24"]
[SourceQuality "1"]

1. e4 c5 2. Nf3 d6 3. d4 cxd4 4. Nxd4 Nf6 5. Nc3 g6 6. Be3 Bg7 7. f3 0-0 8. Qd2 Nc6 9. 0-0-0 d5 10. exd5 Nxd5 11. Nxc6 bxc6 12. Bd4 Bxd4 13. Qxd4 Qb6 14. Na4 Qa5 15. b3 Bf5 16. g4 Bxc2 17. Rd2 Rfd8 18. Qc5 Qc7 19. Qxc2 Nb4 20. Qb2 Qf4 21. Bc4 Nd3+ 22. Bxd3 Rxd3 23. Rhd1 Rad8 24. Qc2 Rxf3 25. Kb2 Rd5 26. Rxd5 cxd5 27. Qc8+ Kg7 28. Rxd5 a5 29. Qc4 Qxh2+ 30. Ka3 Rf2 31. Nc3 Rf4 32. Rd4 1-0

[Event "IECC Swiss email"]
[Site "IECC email"]
[Date "2001.02.18"]
[Round "?"]
[White "Makarczuk, Jacek"]
[Black "Nowicki, Andrzej"]
[Result "1/2-1/2"]
[WhiteElo "2065"]
[BlackElo "1892"]
[PlyCount "73"]
[EventDate "2001.??.??"]
[EventType "tourn (corr)"]
[EventRounds "6"]
[SourceTitle "Corr 2008"]
[Source "ChessBase"]
[SourceDate "2008.06.24"]
[SourceVersion "1"]
[SourceVersionDate "2008.06.24"]
[SourceQuality "1"]

1. e4 e5 2. Nf3 Nc6 3. Bc4 Nf6 4. d3 d5 5. exd5 Nxd5 6. 0-0 Be7 7. Re1 0-0 8. Nxe5 Nxe5 9. Rxe5 c6 10. g3 Bf6 11. Re1 Re8 12. Nd2 Rxe1+ 13. Qxe1 Bg4 14. Ne4 Be7 15. Be3 Qd7 16. Nc5 Bxc5 17. Bxc5 Re8 18. Qc1 b6 19. Be3 Bf3 20. a4 Qf5 21. a5 Nxe3 22. fxe3 b5 23. Bb3 Qc5 24. d4 Qh5 25. Qd2 c5 26. Rf1 c4 27. Ba2 Bc6 28. d5 Bxd5 29. b3 Qe5 30. bxc4 bxc4 31. Qd4 Qxe3+ 32. Qxe3 Rxe3 33. Rd1 Bc6 34. Rd8+ Re8 35. Rxe8+ Bxe8 36. Bxc4 Kf8 37. Kf2 1/2-1/2

[Event "IECC Swiss email"]
[Site "IECC email"]
[Date "2001.01.12"]
[Round "?"]
[White "Makarczuk, Jacek"]
[Black "Dunn, Carl"]
[Result "1-0"]
[WhiteElo "2131"]
[BlackElo "1892"]
[PlyCount "87"]
[EventDate "2001.??.??"]
[EventType "tourn (corr)"]
[EventRounds "6"]
[SourceTitle "Corr 2008"]
[Source "ChessBase"]
[SourceDate "2008.06.24"]
[SourceVersion "1"]
[SourceVersionDate "2008.06.24"]
[SourceQuality "1"]

1. e4 c6 2. c4 g6 3. d4 Bg7 4. Nc3 d6 5. Be3 Nf6 6. f3 0-0 7. Bd3 a6 8. Nge2 b5 9. 0-0 Nbd7 10. Qd2 Bb7 11. b3 e5 12. Rac1 Re8 13. Rfd1 Rc8 14. cxb5 cxb5 15. a4 b4 16. Na2 Rxc1 17. Rxc1 a5 18. d5 Qb8 19. Bb5 Rc8 20. Rxc8+ Qxc8 21. Nac1 Nc5 22. Qc2 Nfd7 23. Ng3 Qd8 24. Nf1 f5 25. Nd2 fxe4 26. fxe4 Nf6 27. h3 Qc8 28. Qc4 Kf8 29. Bxc5 Qxc5+ 30. Qxc5 dxc5 31. Nd3 Bh6 32. Nc4 Nxe4 33. d6 Bd5 34. d7 Ke7 35. Ndxe5 Nc3 36. Nc6+ Bxc6 37. Bxc6 Ne2+ 38. Kf2 Nd4 39. Bb5 Nxb5 40. axb5 Bg5 41. Nxa5 Kxd7 42. Kf3 Bd8 43. Nc4 Kc7 44. Ke4 1-0

[Event "IECC KO email"]
[Site "IECC email"]
[Date "2000.12.05"]
[Round "?"]
[White "Helbig, Andreas"]
[Black "Makarczuk, Jacek"]
[Result "0-1"]
[WhiteElo "1764"]
[BlackElo "2159"]
[PlyCount "82"]
[EventDate "2000.??.??"]
[EventType "tourn (corr)"]
[EventRounds "6"]
[SourceTitle "Corr 2008"]
[Source "ChessBase"]
[SourceDate "2008.06.24"]
[SourceVersion "1"]
[SourceVersionDate "2008.06.24"]
[SourceQuality "1"]

1. d4 Nf6 2. c4 g6 3. Nc3 Bg7 4. e4 d6 5. h3 0-0 6. Bg5 Na6 7. Nge2 e5 8. d5 Nc5 9. b4 Na6 10. a3 Nb8 11. Nc1 a5 12. Nd3 h6 13. Bxf6 Qxf6 14. Be2 Qe7 15. 0-0 f5 16. Rc1 Nd7 17. exf5 gxf5 18. Re1 Nf6 19. b5 Ne4 20. Nb1 Nc5 21. Nxc5 dxc5 22. Nc3 b6 23. a4 Qd6 24. Bf1 Bd7 25. g3 Kh8 26. Bg2 e4 27. Ne2 Be5 28. Qd2 Rg8 29. Qe3 Rg6 30. Kh1 Rag8 31. Rg1 h5 32. h4 Qf6 33. Nf4 Rg4 34. Nxh5 Qg6 35. Bh3 Qxh5 36. Bxg4 Rxg4 37. Rge1 f4 38. Qxe4 Bd6 39. Kg1 fxg3 40. f4 g2 41. Rc2 Bxf4 0-1

[Event "IECC KO email"]
[Site "IECC email"]
[Date "2000.12.05"]
[Round "?"]
[White "Makarczuk, Jacek"]
[Black "Helbig, Andreas"]
[Result "1-0"]
[WhiteElo "2156"]
[BlackElo "1774"]
[PlyCount "131"]
[EventDate "2000.??.??"]
[EventType "tourn (corr)"]
[EventRounds "6"]
[SourceTitle "Corr 2008"]
[Source "ChessBase"]
[SourceDate "2008.06.24"]
[SourceVersion "1"]
[SourceVersionDate "2008.06.24"]
[SourceQuality "1"]

1. e4 c6 2. c4 d5 3. exd5 cxd5 4. d4 Nf6 5. Nc3 Be6 6. c5 Nc6 7. Bb5 g6 8. Nge2 Bg7 9. 0-0 0-0 10. f3 a6 11. Ba4 Bd7 12. Bb3 e6 13. Bf4 b6 14. Na4 bxc5 15. dxc5 Re8 16. g4 Bf8 17. a3 Na5 18. Bc2 e5 19. Bg5 Nc4 20. Nec3 d4 21. Nd5 Be7 22. Bxf6 Bxf6 23. Nab6 Nxb6 24. Nxb6 Bb5 25. Nxa8 Bxf1 26. Qxf1 Qxa8 27. Be4 Qc8 28. Qc4 Bg5 29. b4 Re7 30. a4 Kg7 31. b5 f5 32. gxf5 gxf5 33. Bd5 d3 34. c6 d2 35. Kh1 Be3 36. Qd3 f4 37. bxa6 Qh3 38. Be4 Qh4 39. Qd6 Re8 40. Rb1 Kh8 41. Rf1 Qe7 42. Qd7 Qxd7 43. cxd7 Rd8 44. Bc6 Kg7 45. Rd1 Kf7 46. a7 Bxa7 47. Rxd2 Ke7 48. Rg2 Bd4 49. Rg7+ Kd6 50. Bb5 e4 51. Rg4 Be3 52. fxe4 Ke5 53. Rg7 Kxe4 54. Rxh7 Rg8 55. h4 Kf3 56. Bc6+ Kg3 57. Bd5 Rb8 58. Rg7+ Kh3 59. Be6+ Kxh4 60. Kg2 Rf8 61. Kf3 Bb6 62. Bf7 Bc7 63. a5 Rd8 64. Rg4+ Kh3 65. Rg5 Kh2 66. Be6 1-0